| 000 | 00451nam a2200157Ia 4500 | ||
|---|---|---|---|
| 005 | 20250224150802.0 | ||
| 008 | 231217s9999 xx 000 0 und d | ||
| 020 | _a9788131411865 | ||
| 082 | _a616.85836 HUS;1 R | ||
| 100 | _aHussain, Azmal ed. | ||
| 245 | 0 | _aReproductive and child health : perspectives and practices | |
| 260 |
_c2007 _bICFAI _aHyderabad |
||
| 300 | _aviii, 223 | ||
| 650 | _aReproductive,child,health,practices | ||
| 942 | _cAA | ||
| 999 |
_c191163 _d191163 |
||